| 000 | 00393nam a22001577a 4500 | ||
|---|---|---|---|
| 020 | _a978-81-7676-182-6 | ||
| 082 |
_a823 _bMEH/G |
||
| 100 | _aMEHTA, ANURAG | ||
| 245 |
_aGREAT STORIES _bFOR CHILDREN |
||
| 246 |
_aGREAT STORIES _bFOR CHILDREN |
||
| 260 |
_aNEW DELHI _bNITA MEHTA PUBLICATIONS _c2016 |
||
| 300 | _a12 | ||
| 520 | _aCHILDREN STORIES | ||
| 650 | _aCHILDREN STORIES | ||
| 942 | _cBK | ||
| 999 |
_c2436 _d2436 |
||